Charaktere der Serie Brooklyn 99 - Statistiken

Allgemein
  • Dieses Quiz wurde 810 mal gespielt
  • Das Durchschnittsergebnis liegt bei 14 aus 28
Antwortstatistiken
Rolle Name % Korrekt
Sergeant Amy Santiago
95%
Detective Jacob "Jake" Peralta
95%
Detective Rosa Diaz
92%
Captain Raymond "Ray" Holt
91%
Lieutenant Terrence "Terry" Jeffords
87%
Detective Charles Boyle
86%
Detective Norman "Norm" Scully
79%
Detective Michael Hitchcock
75%
Administrator Regina "Gina" Linetti
71%
Sohn Nikolaj Boyle
67%
Vater Lynn Boyle
58%
Ehemann Kevin Cozner
57%
Vater Roger Peralta
57%
Pontiac Bandit Doug Judy
55%
Ex Detective Adrian Pimento
48%
Commissioner Madeline Wuntch
40%
Ehefrau Sharon Jeffords
40%
Detective Keith „Geier“ Pembroke
39%
Sergeant Teddy Ramos (Wells)
37%
Ex Commissioner John Kelly
33%
Prostituierter Bill
31%
Ehefrau Genevieve Mirren-Carter
21%
Exfreundin Sophia Perez
19%
Captain Jason „C.J.“ Stentley
16%
Barkeeper Hank
8%
Exfreund Marcus Holt
8%
Exfreundin Vivian Ludley
7%
Ex Lieutenant Melanie Hawkins
6%
Keine übereinstimmenden Quizze gefunden
Verteilung der Resultate
Anzahl Personen mit jedem Resultat
Perzentil nach korrekt beantworteten Fragen
Ihre Resultats-Entwicklung
Sie haben dieses Quiz noch nicht gespielt